000 00202 a2200097 4500
001 52208
100 _aCartland, B
245 _aGift of the Gods
260 _aLondon
_bBantam
_c
090 _c32871
_d32871
942 _aNUST-CAE
_cM
_c25415
999 _c287281
_d287281